| 000 | 00815nam a2200241Ia 4500 | ||
|---|---|---|---|
| 005 | 20220829111542.0 | ||
| 008 | 210716s2008 xx 000 0 und d | ||
| 020 | _a1859960545 | ||
| 040 | _cAIMIT LIBRARY | ||
| 041 | _aeng | ||
| 082 |
_a574.80285 _21 _bOREC |
||
| 245 |
_aBioinformatics : _bgenes proteins and computers / _cEdited by Christine Orengo, David Jones and Janet Thornton. |
||
| 250 | _a1st ed. | ||
| 260 |
_aNew York : _bTaylor and Francis , _c2008. |
||
| 300 |
_axiv, 298p.; _c23.5 cm. |
||
| 650 |
_aMolecular evolution _955856 |
||
| 650 |
_aAmino acid conservation _955857 |
||
| 650 |
_aProtein structure comparison _955858 |
||
| 700 |
_aOrengo, Christine.,ed. _955859 |
||
| 700 |
_aJones, David.,ed. _955860 |
||
| 700 |
_aThornton, Janet.,ed. _955861 |
||
| 942 |
_2ddc _cBK _e1st _k574.80285 OREC |
||
| 999 |
_c190907 _d190907 |
||